Normal view
MARC view
Entry Personal Name
001 - CONTROL NUMBER
- control field: 756285
003 - CONTROL NUMBER IDENTIFIER
- control field: OSt
005 - DATE AND TIME OF LATEST TRANSACTION
- control field: 20250508150253.0
008 - FIXED-LENGTH DATA ELEMENTS
- fixed length control field: 250508|| aca||aabn | a|a d
040 ## - CATALOGING SOURCE
- Original cataloging agency: OSt
- Transcribing agency: OSt
100 ## - HEADING--PERSONAL NAME
- Personal name: Kittson E Creagh
670 ## - SOURCE DATA FOUND
- Source citation: Work cat.: (OSt)1322752: Kittson E Creagh, Theory and practice of language teaching: With special reference to French and German, 1926
